Lethal Company Modded Moons - Statistics

General Stats
  • This quiz has been taken 7 times
  • The average score is 5 of 11
Answer Stats
Picture Answer % Correct
BikiniBottom
80%
Orion
80%
Asteroid 13
60%
Egypt
60%
PeterGriffinHouse
60%
Aquatis
40%
Infernus
40%
SecretLabs
40%
Etern
20%
Gratar
20%
Junic
20%
No matching quizzes found
Score Distribution
Percent of People with Each Score
Percentile by Number Answered
Your Score History
You have not taken this quiz